Premierzy Polski po 1989 roku - Statystyki

Ogólne statystyki
  • Ten quiz został rozwiązany 229 razy
  • Średni wynik to 12 z 16
Statystyki odpowiedzi
Hint Odpowiedź % Poprawnych
2502 dni Donald Tusk
100%
2193 dni Mateusz Morawiecki
99%
756 dni Beata Szydło
95%
490 dni Jarosław Kaczyński
93%
420 dni Ewa Kopacz
90%
962 dni Leszek Miller
90%
498 dni Tadeusz Mazowiecki
88%
472 dni Hanna Suchocka
74%
496 dni Waldemar Pawlak
71%
182 dni Jan Olszewski
70%
1449 dni Jerzy Buzek
66%
337 dni Józef Oleksy
66%
256 dni Kazimierz Marcinkiewicz
64%
632 dni Włodzimierz Cimoszewicz
63%
547 dni Marek Belka
62%
336 dni Jan Krzysztof Bielecki
51%
Nie znaleziono quizów pasujących do podanych kryteriów
Rozkład punktacji
Procent ludzi z każdym wynikiem
Percentyl według liczby udzielonych odpowiedzi
Twoja historia wyników
Nie rozwiązałeś tego quizu